000 00595nam a2200205Ia 4500
005 20250508163735.0
008 008 250505s9999 xx 000 0 hin d
037 _aReference
040 _aFEDL
_beng
_cFEDL
041 _ahin
_2eng
084 _a370.19, KOJ
_qFEDL
100 _aKojol Jonathan
_9775972
245 0 _aKranti ki barah khadi: Kyuba ke saksharta abhiyan ki dastan
260 _aNew Delhi, India
_bGranth Shilpi
_c1997
300 _axvi,203p
365 _aINR
_b200
650 _aEducation - Sociology
942 _cREF
_h370.19, KOJ
999 _c1384995
_d1384995